[Event "Baltic Cup-B 2nd"]
[Site "Darlowko"]
[Date "2018.06.25"]
[Round "2"]
[White "Lewandowski, Wiktor"]
[Black "Cybulski, Ryszard"]
[Result "1-0"]
[WhiteElo "1605"]
[BlackElo "1840"]
[PlyCount "93"]
[EventDate "2018.06.24"]
[EventType "swiss"]
[EventRounds "9"]
[EventCountry "POL"]
[SourceTitle "CBM 187 Extra"]
[Source "ChessBase"]
[SourceDate "2018.11.04"]
[SourceVersion "1"]
[SourceVersionDate "2018.11.04"]
[SourceQuality "1"]

1. e4 e5 2. Nf3 Nc6 3. Bc4 Nf6 4. d4 exd4 5. Ng5 Ne5 6. Qxd4 Nxc4 7. Qxc4 d5 8. exd5 Qxd5 9. Qe2+ Be6 10. 0-0 0-0-0 11. Nc3 Qc4 12. Nxe6 Qxe2 13. Nxe2 fxe6 14. Be3 Bd6 15. Rad1 Ng4 16. Bf4 e5 17. Bg3 g5 18. h3 Nf6 19. Nc3 a6 20. Rfe1 h5 21. Bxe5 Bxe5 22. Rxd8+ Kxd8 23. Rxe5 Rg8 24. Ne4 Nxe4 25. Rxe4 Kd7 26. Kf1 Kd6 27. Ke2 c5 28. b3 b5 29. a4 Rg6 30. f3 Kd5 31. axb5 axb5 32. c4+ bxc4 33. bxc4+ Kd6 34. Ke3 Rg7 35. Re8 g4 36. hxg4 hxg4 37. Rd8+ Kc6 38. f4 Re7+ 39. Kd3 Ra7 40. f5 Ra1 41. Ke4 Rf1 42. Rd3 Rc1 43. f6 Rxc4+ 44. Ke5 Rc2 45. f7 Rf2 46. Rd6+ Kc7 47. Rf6 1-0

[Event "Gdansk op 14th"]
[Site "Gdansk"]
[Date "2012.07.28"]
[Round "8"]
[White "Cybulski, Ryszard"]
[Black "Zaleski, Lukasz"]
[Result "0-1"]
[WhiteElo "1925"]
[BlackElo "1652"]
[PlyCount "34"]
[EventDate "2012.07.22"]
[EventType "swiss"]
[EventRounds "9"]
[EventCountry "POL"]
[SourceTitle "CBM 149 Extra"]
[Source "ChessBase"]
[SourceDate "2012.08.24"]
[SourceVersion "1"]
[SourceVersionDate "2012.08.24"]
[SourceQuality "1"]

1. e4 e6 2. d4 d5 3. Nc3 Nf6 4. Bg5 Be7 5. e5 Nfd7 6. Bxe7 Qxe7 7. f4 0-0 8. Nf3 c5 9. Nb5 Nc6 10. Nd6 f6 11. c3 fxe5 12. fxe5 cxd4 13. cxd4 Rxf3 14. Qxf3 Nxd4 15. Qf2 Nc6 16. Bb5 Ndxe5 17. 0-0 Qxd6 0-1

[Event "Polanica Zdroj op Seniors 45th"]
[Site "Polanica Zdroj"]
[Date "2009.08.23"]
[Round "7"]
[White "Cybulski, Ryszard"]
[Black "Zoltek, Tadeusz"]
[Result "1/2-1/2"]
[WhiteElo "1931"]
[BlackElo "2194"]
[PlyCount "38"]
[EventDate "2009.08.18"]
[EventType "swiss"]
[EventRounds "9"]
[EventCountry "POL"]
[SourceTitle "EXT 2012"]
[Source "ChessBase"]
[SourceDate "2011.11.24"]
[SourceVersion "1"]
[SourceVersionDate "2011.11.24"]
[SourceQuality "1"]

1. e4 e6 2. d4 d5 3. Nc3 Nf6 4. Bg5 dxe4 5. Nxe4 Be7 6. Nxf6+ Bxf6 7. Bxf6 Qxf6 8. Nf3 0-0 9. Bd3 c5 10. c3 cxd4 11. Nxd4 e5 12. Nb3 Bf5 13. Bxf5 Qxf5 14. 0-0 Nc6 15. Qe2 b6 16. Rad1 Ne7 17. f4 Ng6 18. fxe5 Qxe5 19. Qf3 Rad8 1/2-1/2

[Event "Polanica Zdroj op Seniors 44th"]
[Site "Polanica Zdroj"]
[Date "2008.08.27"]
[Round "9.5"]
[White "Olszewski, Jerzy"]
[Black "Cybulski, Ryszard"]
[Result "1-0"]
[WhiteElo "1901"]
[BlackElo "1969"]
[PlyCount "33"]
[EventDate "2008.08.19"]
[EventType "swiss"]
[EventRounds "9"]
[EventCountry "POL"]
[SourceTitle "EXT 2023"]
[Source "ChessBase"]
[SourceDate "2022.10.05"]
[SourceVersion "1"]
[SourceVersionDate "2022.10.05"]
[SourceQuality "1"]

1. e4 e5 2. Nf3 Nc6 3. Bc4 Nf6 4. d3 Be7 5. c3 d6 6. a4 0-0 7. a5 d5 8. exd5 Nxd5 9. 0-0 Bg4 10. Re1 Nf6 11. h3 Bxf3 12. Qxf3 h6 13. a6 Qc8 14. Bb5 Bd6 15. axb7 Qxb7 16. Bxc6 Qc8 17. Bxa8 1-0

[Event "Polanica Zdroj op Seniors 44th"]
[Site "Polanica Zdroj"]
[Date "2008.08.20"]
[Round "1.8"]
[White "Kwiek, Janusz"]
[Black "Cybulski, Ryszard"]
[Result "0-1"]
[WhiteElo "1819"]
[BlackElo "1969"]
[PlyCount "60"]
[EventDate "2008.08.19"]
[EventType "swiss"]
[EventRounds "9"]
[EventCountry "POL"]
[SourceTitle "EXT 2023"]
[Source "ChessBase"]
[SourceDate "2022.10.05"]
[SourceVersion "1"]
[SourceVersionDate "2022.10.05"]
[SourceQuality "1"]

1. Nf3 Nf6 2. d4 d5 3. c4 e6 4. Nc3 Bb4 5. Bd2 0-0 6. e3 Bxc3 7. Bxc3 Nc6 8. Be2 Ne4 9. Rc1 f5 10. 0-0 Ng5 11. Nxg5 Qxg5 12. f4 Qe7 13. Qb3 Kh8 14. Bf3 dxc4 15. Qxc4 Bd7 16. Bxc6 Bxc6 17. Bb4 Qf7 18. Bxf8 Rxf8 19. b4 a6 20. Qc2 Rc8 21. Rf2 Be4 22. Qc4 c6 23. b5 axb5 24. Qxb5 Ra8 25. Qb6 h5 26. Rb2 Ra6 27. Ra1 Rxb6 28. Rxb6 Qc7 29. Rb2 b5 30. Rc1 Qa5 0-1